[Event "Halifax Summer op"]
[Site "Halifax CAN"]
[Date "2019.06.30"]
[Round "5.3"]
[White "Cashin, Ken"]
[Black "Ferreira, Paulo"]
[Result "1/2-1/2"]
[WhiteElo "1765"]
[BlackElo "1818"]
[PlyCount "144"]
[EventDate "2019.05.28"]
[EventType "swiss"]
[EventRounds "5"]
[EventCountry "CAN"]
[TimeControl "2+30"]

1. e4 {[%emt 0:00:04]} Nf6 {[%emt 0:00:07]} 2. e5 {[%emt 0:00:05]} Nd5 {
[%emt 0:00:03]} 3. d4 {[%emt 0:00:39]} d6 {[%emt 0:00:05]} 4. c4 {
[%emt 0:00:08]} Nb6 {[%emt 0:00:07]} 5. exd6 {[%emt 0:00:20]} exd6 {
[%emt 0:00:12]} 6. Be3 {[%emt 0:00:55]} Be7 {[%emt 0:00:24]} 7. Nc3 {
[%emt 0:00:44]} Nc6 {[%emt 0:00:43]} 8. Rc1 {[%emt 0:00:40]} Bf5 {
[%emt 0:01:13]} 9. Be2 {[%emt 0:05:10]} O-O {[%emt 0:00:00]} 10. b3 {
[%emt 0:00:19]} Bf6 {[%emt 0:00:37]} 11. Nf3 {[%emt 0:00:27]} Re8 {
[%emt 0:00:23]} 12. O-O {[%emt 0:00:36]} Bg4 {[%emt 0:05:53]} 13. Qd2 {
[%emt 0:01:36]} Qd7 {[%emt 0:02:34]} 14. Rfd1 {[%emt 0:02:11]} Rad8 {
[%emt 0:00:00]} 15. h3 {[%emt 0:01:53]} Bh5 {[%emt 0:15:16]} 16. d5 {
[%emt 0:01:03]} Bxf3 {[%emt 0:00:17]} 17. Bxf3 {[%emt 0:00:43]} Ne5 {
[%emt 0:00:11]} 18. Be2 {[%emt 0:00:38]} Ng6 {[%emt 0:07:10]} 19. Nb5 {
[%emt 0:04:19]} a6 {[%emt 0:01:00]} 20. Nd4 {[%emt 0:00:39]} Bxd4 {
[%emt 0:15:27]} 21. Bxd4 {[%emt 0:02:50]} Qe7 {[%emt 0:01:01]} 22. Bd3 {
[%emt 0:00:45]} Qh4 {[%emt 0:03:34]} 23. Bxg6 {[%emt 0:02:13]} hxg6 {
[%emt 0:00:40]} 24. Bxb6 {[%emt 0:01:24]} cxb6 {[%emt 0:00:00]} 25. Re1 {
[%emt 0:00:23]} Qf6 {[%emt 0:01:59]} 26. Re2 {[%emt 0:02:18]} Re7 {
[%emt 0:05:47]} 27. Rxe7 {[%emt 0:00:22]} Qxe7 {[%emt 0:00:05]} 28. Re1 {
[%emt 0:00:08]} Qd7 {[%emt 0:00:08]} 29. Qe3 {[%emt 0:01:06]} b5 {
[%emt 0:00:00]} 30. Qe7 {[%emt 0:05:08]} bxc4 {[%emt 0:00:25]} 31. bxc4 {
[%emt 0:01:08]} b5 {[%emt 0:09:00]} 32. Qxd7 {[%emt 0:02:19]} Rxd7 {
[%emt 0:00:07]} 33. cxb5 {[%emt 0:00:15]} axb5 {[%emt 0:08:09]} 34. Re8+ {
[%emt 0:00:48]} Kh7 {[%emt 0:00:00]} 35. Rb8 {[%emt 0:00:11]} Ra7 {
[%emt 0:00:15]} 36. Rxb5 {[%emt 0:00:31]} Rxa2 {[%emt 0:00:06]} 37. Rb6 {
[%emt 0:00:10]} Ra1+ {[%emt 0:00:13]} 38. Kh2 {[%emt 0:00:18]} Rd1 {
[%emt 0:00:34]} 39. Rxd6 {[%emt 0:00:15]} f5 {[%emt 0:00:00]} 40. g3 {
[%emt 0:01:01]} g5 {[%emt 0:01:08]} 41. Kg2 {[%emt 0:00:25]} g6 {[%emt 0:00:48]
} 42. h4 {[%emt 0:01:38]} gxh4 {[%emt 0:02:30]} 43. gxh4 {[%emt 0:00:22]} Rd4 {
[%emt 0:00:08]} 44. Kg3 {[%emt 0:00:53]} Rg4+ {[%emt 0:00:16]} 45. Kh3 {
[%emt 0:00:18]} Rf4 {[%emt 0:00:14]} 46. Rd7+ {[%emt 0:02:09]} Kg8 {
[%emt 0:04:05]} 47. Rc7 {[%emt 0:01:57]} Kf8 {[%emt 0:01:28]} 48. Kg3 {
[%emt 0:00:00]} Rg4+ {[%emt 0:00:00]} 49. Kh3 {[%emt 0:04:19]} Rf4 {
[%emt 0:00:17]} 50. Rc2 {[%emt 0:08:22]} Rd4 {[%emt 0:00:39]} 51. Rc6 {
[%emt 0:02:52]} Kf7 {[%emt 0:02:13]} 52. d6 {[%emt 0:01:03]} Rd3+ {
[%emt 0:01:19]} 53. Kg2 {[%emt 0:01:17]} Rd4 {[%emt 0:00:30]} 54. Rc7+ {
[%emt 0:02:23]} Ke8 {[%emt 0:01:34]} 55. d7+ {[%emt 0:01:00]} Rxd7 {
[%emt 0:00:13]} 56. Rxd7 {[%emt 0:00:44]} Kxd7 {[%emt 0:00:00]} 57. Kg3 {
[%emt 0:00:11]} Ke7 {[%emt 0:01:03]} 58. Kf4 {[%emt 0:00:11]} Kf6 {
[%emt 0:01:34]} 59. f3 {[%emt 0:05:22]} Kf7 {[%emt 0:01:57]} 60. Ke5 {
[%emt 0:00:35]} Ke7 {[%emt 0:02:23]} 61. h5 {[%emt 0:04:26]} gxh5 {
[%emt 0:00:00]} 62. Kxf5 {[%emt 0:00:14]} Kf7 {[%emt 0:01:18]} 63. Kg5 {
[%emt 0:00:18]} Ke6 {[%emt 0:00:45]} 64. f4 {[%emt 0:01:28]} h4 {[%emt 0:00:21]
} 65. Kxh4 {[%emt 0:00:12]} Kf5 {[%emt 0:00:09]} 66. Kg3 {[%emt 0:00:11]} Kf6 {
[%emt 0:00:00]} 67. Kf3 {[%emt 0:04:31]} Kf5 {[%emt 0:00:17]} 68. Ke3 {
[%emt 0:00:26]} Kf6 {[%emt 0:00:14]} 69. Ke4 {[%emt 0:00:34]} Ke6 {
[%emt 0:00:02]} 70. f5+ {[%emt 0:02:34]} Kf6 {[%emt 0:00:09]} 71. Kf4 {
[%emt 0:00:04]} Kf7 {[%emt 0:00:08]} 72. Ke5 {[%emt 0:00:32]} Ke7 {
[%emt 0:00:02]} 1/2-1/2

[Event "Halifax Summer op"]
[Site "Halifax CAN"]
[Date "2019.06.30"]
[Round "5.4"]
[White "Bardsley, David"]
[Black "Turner, Peter"]
[Result "0-1"]
[WhiteElo "1566"]
[BlackElo "1978"]
[PlyCount "70"]
[EventDate "2019.05.28"]
[EventType "swiss"]
[EventRounds "5"]
[EventCountry "CAN"]
[TimeControl "2+30"]

1. d4 {[%emt 0:00:10]} Nf6 {[%emt 0:00:24]} 2. c4 {[%emt 0:00:17]} g6 {
[%emt 0:00:00]} 3. Nc3 {[%emt 0:00:13]} Bg7 {[%emt 0:00:20]} 4. e4 {
[%emt 0:00:30]} d6 {[%emt 0:00:40]} 5. f3 {[%emt 0:02:46]} Nbd7 {[%emt 0:04:30]
} 6. Be3 {[%emt 0:00:00]} O-O {[%emt 0:02:49]} 7. Qd2 {[%emt 0:01:29]} c5 {
[%emt 0:00:25]} 8. d5 {[%emt 0:00:58]} a6 {[%emt 0:02:27]} 9. Nh3 {
[%emt 0:02:39]} Re8 {[%emt 0:04:00]} 10. Nf2 {[%emt 0:01:57]} b5 {
[%emt 0:00:37]} 11. cxb5 {[%emt 0:02:54]} axb5 {[%emt 0:02:19]} 12. Bxb5 {
[%emt 0:00:44]} Ba6 {[%emt 0:00:41]} 13. Bxa6 {[%emt 0:02:10]} Rxa6 {
[%emt 0:00:07]} 14. O-O {[%emt 0:07:00]} Nb6 {[%emt 0:00:00]} 15. b3 {
[%emt 0:00:00]} Nfd7 {[%emt 0:02:18]} 16. Qe2 {[%emt 0:11:01]} Qa8 {
[%emt 0:05:09]} 17. Bd2 {[%emt 0:13:59]} Rc8 {[%emt 0:01:08]} 18. a4 {
[%emt 0:00:00]} c4 {[%emt 0:09:34]} 19. bxc4 {[%emt 0:09:46]} Nxc4 {
[%emt 0:11:31]} 20. Rac1 {[%emt 0:06:09]} Nxd2 {[%emt 0:01:29]} 21. Qxd2 {
[%emt 0:00:15]} Nc5 {[%emt 0:02:04]} 22. Rb1 {[%emt 0:07:00]} Nxa4 {
[%emt 0:05:42]} 23. Nxa4 {[%emt 0:00:25]} Rxa4 {[%emt 0:00:10]} 24. Rbc1 {
[%emt 0:10:45]} h6 {[%emt 0:11:12]} 25. Rxc8+ {[%emt 0:02:45]} Qxc8 {
[%emt 0:00:09]} 26. g4 {[%emt 0:04:13]} Rc4 {[%emt 0:03:10]} 27. Qd1 {
[%emt 0:01:46]} Qc5 {[%emt 0:00:59]} 28. Kg2 {[%emt 0:00:00]} Rc2 {
[%emt 0:03:18]} 29. Kg1 {[%emt 0:02:51]} Bd4 {[%emt 0:00:52]} 30. Qe1 {
[%emt 0:00:21]} Bxf2+ {[%emt 0:02:47]} 31. Rxf2 {[%emt 0:01:13]} Rc1 {
[%emt 0:00:08]} 32. Qxc1 {[%emt 0:00:04]} Qxc1+ {[%emt 0:00:08]} 33. Kg2 {
[%emt 0:00:05]} e6 {[%emt 0:01:06]} 34. dxe6 {[%emt 0:00:19]} fxe6 {
[%emt 0:00:00]} 35. Rf1 {[%emt 0:00:22]} Qc4 {[%emt 0:01:09]} 0-1

[Event "Hart House Holidays op U1900"]
[Site "Toronto CAN"]
[Date "2019.12.13"]
[Round "1"]
[White "Armstrong, Robert J"]
[Black "Brown, Nathaniel"]
[Result "1-0"]
[WhiteElo "1534"]
[BlackElo "1374"]
[PlyCount "43"]
[EventDate "2019.12.13"]
[EventType "swiss"]
[EventRounds "5"]
[EventCountry "CAN"]

1. d4 d5 2. Nf3 Nf6 3. e3 Bf5 4. Bd3 Bxd3 5. Qxd3 Nc6 6. O-O g6 7. c4 e6 8. a3
Bg7 9. c5 O-O 10. b4 Ne7 11. Bb2 c6 12. a4 a6 13. Nc3 Nd7 14. b5 e5 15. Nxe5
Bxe5 16. dxe5 Nxc5 17. Qc2 Nd7 18. Ne2 Qc7 19. Qc3 Nf5 20. Nf4 h5 21. e6 Nb6
22. Qh8# 1-0

[Event "Hart House Holidays op U1900"]
[Site "Toronto CAN"]
[Date "2019.12.14"]
[Round "2"]
[White "Liu, Harrison"]
[Black "Armstrong, Robert J"]
[Result "1-0"]
[WhiteElo "1744"]
[BlackElo "1534"]
[PlyCount "55"]
[EventDate "2019.12.13"]
[EventType "swiss"]
[EventRounds "5"]
[EventCountry "CAN"]

1. e4 g6 2. d4 Bg7 3. Bc4 c5 4. Ne2 Qb6 5. dxc5 Qxc5 6. Bb3 a5 7. Nbc3 e6 8.
Be3 Qc6 9. a4 Na6 10. Nd4 Qd6 11. O-O Qe7 12. f4 Nc7 13. Ndb5 Nxb5 14. Nxb5 Kf8
15. Bd4 Nh6 16. Bxg7+ Kxg7 17. Qd4+ f6 18. Nc7 e5 19. fxe5 fxe5 20. Qb6 Rb8 21.
Nd5 Qh4 22. Qd6 Re8 23. Qxb8 Ng4 24. h3 h5 25. hxg4 hxg4 26. Qd6 Re6 27. Qf8+
Kh7 28. Rf7# 1-0

[Event "Hart House Holidays op U1900"]
[Site "Toronto CAN"]
[Date "2019.12.14"]
[Round "3"]
[White "Armstrong, Robert J"]
[Black "Wu, Benjamin"]
[Result "0-1"]
[WhiteElo "1534"]
[BlackElo "1796"]
[PlyCount "126"]
[EventDate "2019.12.13"]
[EventType "swiss"]
[EventRounds "5"]
[EventCountry "CAN"]

1. d4 Nf6 2. c4 e6 3. Nf3 b6 4. e3 Bb7 5. Bd3 c5 6. O-O cxd4 7. exd4 Be7 8. Nc3
O-O 9. d5 Na6 10. Bf4 Nh5 11. Qd2 Nc5 12. Bc2 Nxf4 13. Qxf4 Bf6 14. Rad1 Bxc3
15. bxc3 Ba6 16. Rfe1 Qf6 17. Qd4 Rac8 18. d6 Qxd4 19. Rxd4 f6 20. Rh4 g6 21.
Rd1 Nb7 22. Bb3 Na5 23. Nd2 Kg7 24. Rc1 Rc6 25. Rd4 e5 26. Rd5 Nxc4 27. Ba4 b5
28. Nxc4 Rxc4 29. Bxb5 Bxb5 30. Rxb5 Ra4 31. Rc2 Kf7 32. c4 Ke6 33. c5 Rc8 34.
Kf1 Ra6 35. Ke2 Rxd6 36. Rb7 a6 37. a4 Rdc6 38. Rd2 R8c7 39. Rxc7 Rxc7 40. Rd6+
Kf5 41. Rxa6 Rxc5 42. Ra8 Rc2+ 43. Ke3 d5 44. g3 d4+ 45. Kf3 d3 46. g4+ Kg5 47.
a5 d2 48. Ke2 Kxg4 49. h3+ Kxh3 50. Rh8 h5 51. Rh6 d1=Q+ 52. Kxd1 Rxf2 53. Rxg6
Ra2 54. Rxf6 Rxa5 55. Rg6 h4 56. Ke2 Kh2 57. Ke3 h3 58. Ke4 Kh1 59. Rg3 h2 60.
Rg6 Ra1 61. Kxe5 Rg1 62. Ra6 Kg2 63. Ra2+ Kg3 0-1

[Event "Hart House Holidays op U1900"]
[Site "Toronto CAN"]
[Date "2019.12.15"]
[Round "4"]
[White "Armstrong, Robert J"]
[Black "Samuel, Victor"]
[Result "1-0"]
[WhiteElo "1534"]
[BlackElo "1673"]
[PlyCount "39"]
[EventDate "2019.12.13"]
[EventType "swiss"]
[EventRounds "5"]
[EventCountry "CAN"]

1. d4 e6 2. Nf3 f5 3. c4 Nf6 4. Qc2 Be7 5. Nc3 O-O 6. e4 fxe4 7. Nxe4 Nxe4 8.
Qxe4 d5 9. Qc2 c5 10. h4 cxd4 11. Ng5 Bb4+ 12. Kd1 g6 13. Nxh7 d3 14. Bxd3 dxc4
15. Qxc4 Rxf2 16. Bg5 Be7 17. Bxe7 Qxe7 18. Qxc8+ Kxh7 19. h5 Qd6 20. hxg6+ 1-0

[Event "Hart House Holidays op U1900"]
[Site "Toronto CAN"]
[Date "2019.12.15"]
[Round "4"]
[White "Liao, Joseph"]
[Black "Armstrong, Robert J"]
[Result "1/2-1/2"]
[WhiteElo "1743"]
[BlackElo "1534"]
[PlyCount "48"]
[EventDate "2019.12.13"]
[EventType "swiss"]
[EventRounds "5"]
[EventCountry "CAN"]

1. e4 g6 2. d4 Bg7 3. Nc3 d6 4. f4 c6 5. Nf3 b5 6. a3 a5 7. Be2 Bb7 8. O-O b4
9. axb4 axb4 10. Rxa8 Bxa8 11. Nb1 Nf6 12. e5 dxe5 13. fxe5 Nd5 14. c4 bxc3 15.
e6 O-O 16. bxc3 Qb6 17. Ba3 Ne3 18. Qc1 Nxf1 19. Qxf1 fxe6 20. Bxe7 Rf7 21. Bc5
Qb2 22. Bc4 Rb7 23. Bxe6+ Kh8 24. Ne5 Qxb1 1/2-1/2

[Event "Hart House Reading Week op U1900"]
[Site "Toronto CAN"]
[Date "2019.02.18"]
[Round "6"]
[White "Armstrong, Robert J"]
[Black "Benggawan, Undriadi"]
[Result "0-1"]
[WhiteElo "1527"]
[BlackElo "1672"]
[PlyCount "68"]
[EventDate "2019.02.18"]
[EventType "swiss"]
[EventRounds "6"]
[EventCountry "CAN"]

1. d4 g6 2. c4 Bg7 3. Nc3 c5 4. d5 d6 5. e4 Nd7 6. f4 Nb6 7. Nf3 Nf6 8. e5 dxe5
9. fxe5 Ng4 10. Bf4 O-O 11. h3 Nh6 12. Qd2 Nf5 13. g4 Nd4 14. Nxd4 cxd4 15. Ne4
f5 16. Ng5 h6 17. Ne6 Bxe6 18. dxe6 g5 19. Bxg5 hxg5 20. Qxg5 Qc7 21. O-O-O
Qxe5 22. Bd3 f4 23. Bf5 Nxc4 24. Qg6 Rf6 25. Qh7+ Kf8 26. Rhe1 Ne3 27. Qh5 Qc5+
28. Kb1 Nxf5 29. Re4 Rc8 30. Ree1 Qc2+ 31. Ka1 Rxe6 32. Qxf5+ Qxf5 33. gxf5
Rxe1 34. Rxe1 Rc5 0-1

[Event "Ivy League Chess Challenge"]
[Site "Toronto CAN"]
[Date "2019.11.08"]
[Round "1.1"]
[White "Wenzhi, Dai"]
[Black "Patel, Advait"]
[Result "0-1"]
[WhiteElo "2093"]
[BlackElo "2460"]
[PlyCount "106"]
[EventDate "2019.11.08"]
[EventType "team"]
[EventRounds "5"]
[EventCountry "CAN"]
[WhiteTeam "Toronto B"]
[BlackTeam "Toronto A"]

1. e4 g6 2. d4 Bg7 3. Nf3 d6 4. Nc3 a6 5. Be2 b5 6. a4 b4 7. Nd5 Bb7 8. Nxb4
Bxe4 9. d5 c5 10. dxc6 Nxc6 11. Nxc6 Bxc6 12. O-O Nf6 13. Nd4 Bb7 14. Bf3 d5
15. Re1 O-O 16. Bf4 Ne4 17. Bxe4 dxe4 18. Be3 Rc8 19. c3 Bd5 20. Ra3 f5 21. Qd2
f4 22. Bxf4 Rxf4 23. Qxf4 e5 24. Qd2 exd4 25. cxd4 Rc4 26. Rc3 Rxd4 27. Qc1 Bb7
28. Rc7 Qd5 29. Qc3 Be5 30. Rc5 Qd6 31. h3 Bd5 32. Rc8+ Kg7 33. Qe3 Bb7 34. Rc2
Rxa4 35. Rec1 Qe7 36. g3 Rb4 37. Qd2 Rb5 38. h4 Bd5 39. Qe3 Qf6 40. Qa7+ Rb7
41. Qc5 Bb3 42. Qc6 Qe7 43. Rc5 Bxb2 44. Re1 Rb4 45. h5 Bf7 46. Ra5 Rc4 47.
Qxa6 Bc3 48. hxg6 hxg6 49. Rc1 e3 50. Qa7 exf2+ 51. Kh2 Bxa5 52. Qxe7 Rxc1 53.
Qe5+ Kh7 0-1

[Event "Ivy League Chess Challenge"]
[Site "Toronto CAN"]
[Date "2019.11.08"]
[Round "1.2"]
[White "Plotkin, Mark"]
[Black "McNamara, Tanner"]
[Result "1-0"]
[WhiteElo "2378"]
[BlackElo "1983"]
[PlyCount "85"]
[EventDate "2019.11.08"]
[EventType "team"]
[EventRounds "5"]
[EventCountry "CAN"]
[WhiteTeam "Toronto A"]
[BlackTeam "Toronto B"]

1. e4 e5 2. Nf3 Nc6 3. d4 exd4 4. Nxd4 Bc5 5. Be3 Qf6 6. c3 Nge7 7. Bc4 Ne5 8.
Be2 d5 9. f4 Nc4 10. Bxc4 dxc4 11. Qa4+ Bd7 12. Qxc4 Bxd4 13. cxd4 Qh4+ 14. Bf2
Qxf4 15. Nc3 O-O 16. O-O c6 17. Rae1 Qc7 18. Bg3 Qd8 19. Qb4 b6 20. Rf2 a5 21.
Qd6 Be6 22. d5 cxd5 23. Qxd8 Rfxd8 24. Bh4 f6 25. exd5 Ng6 26. Bxf6 gxf6 27.
Rxe6 b5 28. d6 b4 29. Nd5 Ra6 30. Nxf6+ Kf7 31. Re1 Kg7 32. Rc1 Ne5 33. Rc7+
Kg6 34. Ne4 Raxd6 35. Nxd6 Rxd6 36. h3 Rd1+ 37. Kh2 Nd3 38. Rfc2 a4 39. Rd7
Nxb2 40. Rxd1 Nxd1 41. Rc4 b3 42. Rxa4 Nc3 43. Ra6+ 1-0

[Event "Ivy League Chess Challenge"]
[Site "Toronto CAN"]
[Date "2019.11.08"]
[Round "1.3"]
[White "Lin, Juntong"]
[Black "Zhou, Qiyu"]
[Result "0-1"]
[WhiteElo "1920"]
[BlackElo "2212"]
[PlyCount "67"]
[EventDate "2019.11.08"]
[EventType "team"]
[EventRounds "5"]
[EventCountry "CAN"]
[WhiteTeam "Toronto B"]
[BlackTeam "Toronto A"]

1. d4 Nf6 2. c4 e6 3. Nf3 b6 4. e3 Bb7 5. Be2 d5 6. O-O Bd6 7. Nc3 O-O 8. b3 c5
9. Bb2 Nbd7 10. Rc1 a6 11. Bd3 Re8 12. h3 Rc8 13. Re1 h6 14. cxd5 exd5 15. Na4
Ne4 16. Qe2 c4 17. Bxe4 dxe4 18. Nd2 b5 19. Nc5 Bxc5 20. dxc5 Nxc5 21. Qg4 Qg5
22. Qxg5 hxg5 23. Rc3 Nd3 24. Rb1 cxb3 25. Nxb3 Bd5 26. Rxc8 Rxc8 27. Bd4 Rc2
28. a3 Ra2 29. Nc5 Rxa3 30. Nxd3 exd3 31. Rb2 a5 32. Rxb5 d2 33. Rb1 Bb3 34.
Bb2 0-1

[Event "Ivy League Chess Challenge"]
[Site "Toronto CAN"]
[Date "2019.11.08"]
[Round "1.4"]
[White "Bellissimo, Joseph"]
[Black "Hay, Jonathan"]
[Result "1-0"]
[WhiteElo "2201"]
[BlackElo "1838"]
[PlyCount "149"]
[EventDate "2019.11.08"]
[EventType "team"]
[EventRounds "5"]
[EventCountry "CAN"]
[WhiteTeam "Toronto A"]
[BlackTeam "Toronto B"]

1. e4 c6 2. d4 d5 3. e5 c5 4. dxc5 e6 5. a3 Bxc5 6. Nf3 Qb6 7. Qd2 Bd7 8. Bd3
Bb5 9. b4 Be7 10. Nc3 Bxd3 11. Qxd3 h5 12. Be3 Qd8 13. Nb5 Nc6 14. c4 a6 15.
Nbd4 Nh6 16. Rd1 Ng4 17. Nxe6 fxe6 18. Qg6+ Kf8 19. Qxe6 Qc8 20. Qxd5 Qf5 21.
e6 Nge5 22. Nd4 Nd3+ 23. Kf1 Qxd5 24. cxd5 Nxd4 25. Bxd4 Nf4 26. Be5 Ng6 27.
Bc7 Rc8 28. d6 Bd8 29. Bxd8 Rxd8 30. f4 Ke8 31. g3 Rh6 32. Kf2 Nxf4 33. gxf4
Rxe6 34. Rhe1 Kf7 35. Re5 g6 36. Red5 Rd7 37. Kf3 Kf6 38. R1d3 b6 39. R3d4 b5
40. Rd3 Kf7 41. f5 gxf5 42. Kf4 Kg6 43. Rg3+ Kh6 44. Rgd3 Kg6 45. Rd2 Re4+ 46.
Kf3 Re6 47. R2d4 Re1 48. Rc5 Re6 49. Rc6 Kf6 50. Kf4 Re1 51. Rxa6 Rf1+ 52. Ke3
Ke5 53. Rd2 Rc1 54. Rd3 Rh1 55. Rb6 Rxh2 56. Rxb5+ Ke6 57. Kf4 Rh4+ 58. Kg3 Re4
59. Kf2 h4 60. Rdd5 Rxd6 61. Rxf5 Rd3 62. Rf3 Rd2+ 63. Kf1 Rd1+ 64. Kg2 Rg4+
65. Kf2 Rg3 66. Rxg3 hxg3+ 67. Kg2 Rd3 68. a4 Kd6 69. a5 Rb3 70. Rb6+ Kc7 71.
b5 Ra3 72. Rc6+ Kb7 73. a6+ Kb8 74. Rg6 Rb3 75. b6 1-0

[Event "Ivy League Chess Challenge"]
[Site "Toronto CAN"]
[Date "2019.11.08"]
[Round "1.5"]
[White "Altschuler, Jason"]
[Black "Tang, Andrew"]
[Result "0-1"]
[WhiteElo "2198"]
[BlackElo "2507"]
[PlyCount "62"]
[EventDate "2019.11.08"]
[EventType "team"]
[EventRounds "5"]
[EventCountry "CAN"]
[WhiteTeam "MIT"]
[BlackTeam "Princeton"]

1. e4 e5 2. Nf3 Nc6 3. Bb5 g6 4. d4 exd4 5. c3 a6 6. Bxc6 dxc6 7. cxd4 Bg7 8.
h3 Ne7 9. O-O O-O 10. Nc3 h6 11. Qb3 Kh7 12. Rd1 f5 13. d5 Qe8 14. Re1 Qf7 15.
Bg5 Ng8 16. Bh4 f4 17. Rad1 g5 18. Bxg5 Qg6 19. e5 hxg5 20. Ne4 g4 21. Nfg5+
Kh8 22. e6 Nf6 23. dxc6 Nxe4 24. e7 Re8 25. Nf7+ Kh7 26. Rxe4 Bf6 27. Rd8 gxh3
28. Qf3 Bg4 29. Qxf4 Bf5 30. Ng5+ Bxg5 31. Qxc7 Bf4 0-1

[Event "Ivy League Chess Challenge"]
[Site "Toronto CAN"]
[Date "2019.11.08"]
[Round "1.6"]
[White "Li, Ethan"]
[Black "Yi, Richard"]
[Result "1-0"]
[WhiteElo "2231"]
[BlackElo "2083"]
[PlyCount "117"]
[EventDate "2019.11.08"]
[EventType "team"]
[EventRounds "5"]
[EventCountry "CAN"]
[WhiteTeam "Princeton"]
[BlackTeam "MIT"]

1. d4 d6 2. Nf3 g6 3. c4 f5 4. Nc3 Nf6 5. g3 Bg7 6. Bg2 O-O 7. O-O c6 8. Qb3
Qc7 9. Bf4 Kh8 10. c5 Nh5 11. Ng5 Nxf4 12. Nf7+ Rxf7 13. Qxf7 Ne6 14. d5 Nf8
15. Rad1 Qd7 16. dxc6 bxc6 17. Nd5 e5 18. Ne7 Qe6 19. Qxe6 Bxe6 20. Rxd6 e4 21.
f3 Be5 22. Rd8 Kg7 23. Nxc6 Bc7 24. fxe4 Bd7 25. exf5 Bxc6 26. Bxc6 Bxd8 27.
Bxa8 Na6 28. c6 gxf5 29. Rxf5 Ne6 30. e3 Bb6 31. Kg2 Nb4 32. e4 Nxa2 33. Rb5
Nc1 34. Bb7 Nd3 35. h4 Nc7 36. Rg5+ Kf6 37. b3 Nc5 38. e5+ Kf7 39. b4 Nd3 40.
Rf5+ Kg6 41. g4 Nxb4 42. Bc8 Nc2 43. Rf6+ Kg7 44. Rd6 a5 45. Bf5 Ne3+ 46. Kf3
a4 47. Rd7+ Kg8 48. Bxh7+ Kf8 49. Rxc7 Bxc7 50. Kxe3 Bxe5 51. Bc2 a3 52. Bb3
Ke7 53. Ke4 Bg3 54. h5 Kf6 55. Kd5 Bf4 56. Kc5 Bc7 57. Kb5 Ke7 58. Ka6 Kd6 59.
Kb7 1-0

[Event "Ivy League Chess Challenge"]
[Site "Toronto CAN"]
[Date "2019.11.08"]
[Round "1.7"]
[White "Zhong, Howard"]
[Black "Yang, Christopher"]
[Result "1/2-1/2"]
[WhiteElo "2024"]
[BlackElo "2145"]
[PlyCount "58"]
[EventDate "2019.11.08"]
[EventType "team"]
[EventRounds "5"]
[EventCountry "CAN"]
[WhiteTeam "MIT"]
[BlackTeam "Princeton"]

1. d4 Nf6 2. c4 e6 3. Nc3 Bb4 4. e3 d5 5. Qa4+ Nc6 6. Nf3 O-O 7. Be2 dxc4 8.
Bxc4 Bd7 9. Qc2 Qe7 10. a3 Bxc3+ 11. bxc3 Na5 12. Bd3 c5 13. a4 b6 14. Ne5 Rfc8
15. Ba3 h6 16. O-O Qe8 17. Nxd7 Nxd7 18. Qd1 Rc7 19. e4 Rd8 20. Bb2 Ne5 21. Bb5
Qe7 22. Qe2 cxd4 23. cxd4 Nec4 24. Rac1 Nxb2 25. Qxb2 Rxc1 26. Rxc1 Qb7 27. f3
a6 28. Bf1 Nc6 29. Rb1 b5 1/2-1/2

[Event "Ivy League Chess Challenge"]
[Site "Toronto CAN"]
[Date "2019.11.08"]
[Round "1.8"]
[White "Martinez, Isaac"]
[Black "Le, Nguyen"]
[Result "1/2-1/2"]
[WhiteElo "2063"]
[BlackElo "1976"]
[PlyCount "145"]
[EventDate "2019.11.08"]
[EventType "team"]
[EventRounds "5"]
[EventCountry "CAN"]
[WhiteTeam "Princeton"]
[BlackTeam "MIT"]

1. c4 e5 2. g3 Nf6 3. Bg2 c6 4. Nf3 e4 5. Nd4 d5 6. cxd5 Qb6 7. Nb3 a5 8. d3 a4
9. N3d2 exd3 10. dxc6 Nxc6 11. O-O dxe2 12. Qxe2+ Be6 13. Nf3 Be7 14. Nc3 h6
15. Be3 Qb4 16. Qc2 O-O 17. h3 Rfc8 18. Rfd1 Bc5 19. Bxc5 Qxc5 20. Rac1 b5 21.
Qd3 Nb4 22. Qxb5 Qxb5 23. Nxb5 Nxa2 24. Ra1 Rab8 25. Nfd4 Bb3 26. Re1 Nb4 27.
Na7 Rc4 28. Nac6 Nxc6 29. Nxc6 Rb6 30. Rec1 Rc2 31. Rab1 Kh7 32. Nd4 Rd2 33.
Nf3 Rc2 34. Ne5 Re2 35. Nf3 Ba2 36. Nd4 Bxb1 37. Nxe2 Rxb2 38. Nc3 Rc2 39. Rxb1
Rxc3 40. Ra1 a3 41. Kf1 Nd7 42. Ke2 Nc5 43. Bd5 Nb3 44. Bxb3 Rxb3 45. Kd2 Rb2+
46. Kc1 Rxf2 47. Rxa3 Kg6 48. Kd1 Rh2 49. h4 f6 50. Ke1 Kf5 51. Ra7 g5 52. hxg5
hxg5 53. Kf1 Rb2 54. Ra4 Ke5 55. Kg1 Rd2 56. Kf1 Rd4 57. Ra6 f5 58. Kf2 Ke4 59.
Re6+ Kd5 60. Rg6 g4 61. Ra6 Rd2+ 62. Ke3 Rg2 63. Ra5+ Ke6 64. Kf4 Rf2+ 65. Kg5
Rf3 66. Rb5 Rf1 67. Ra5 Rf3 68. Rb5 Rxg3 69. Rxf5 Rf3 70. Ra5 g3 71. Kh4 Kf6
72. Kh3 Rb3 73. Kg2 1/2-1/2

[Event "Ivy League Chess Challenge"]
[Site "Toronto CAN"]
[Date "2019.11.08"]
[Round "1.9"]
[White "Jacobson, Aaron"]
[Black "Webster, Dex"]
[Result "1-0"]
[WhiteElo "2340"]
[BlackElo "2077"]
[PlyCount "61"]
[EventDate "2019.11.08"]
[EventType "team"]
[EventRounds "5"]
[EventCountry "CAN"]
[WhiteTeam "Harvard"]
[BlackTeam "Yale"]

1. Nf3 d5 2. e3 Nf6 3. c4 c6 4. Nc3 e6 5. b3 Nbd7 6. Bb2 Bd6 7. Qc2 O-O 8. Rg1
e5 9. cxd5 cxd5 10. Nb5 Qe7 11. Rc1 e4 12. Nfd4 Bc5 13. f4 Qd8 14. Nf5 h5 15.
g4 Nxg4 16. h3 Nde5 17. hxg4 Bxf5 18. Rh1 Nf3+ 19. Kf2 Rc8 20. gxf5 Bxe3+ 21.
dxe3 Rxc2+ 22. Rxc2 g6 23. Nd4 Qd7 24. Nxf3 exf3 25. Bd3 Rc8 26. Rxc8+ Qxc8 27.
Kxf3 Qd8 28. fxg6 Qa5 29. Rxh5 fxg6 30. Bxg6 Kf8 31. Bf6 1-0

[Event "Ivy League Chess Challenge"]
[Site "Toronto CAN"]
[Date "2019.11.08"]
[Round "1.10"]
[White "Khanna, Nalin"]
[Black "Pinisetti, Prateek"]
[Result "1-0"]
[WhiteElo "2107"]
[BlackElo "2130"]
[PlyCount "62"]
[EventDate "2019.11.08"]
[EventType "team"]
[EventRounds "5"]
[EventCountry "CAN"]
[WhiteTeam "Yale"]
[BlackTeam "Harvard"]

1. e4 e6 2. d4 d5 3. Nc3 Nf6 4. e5 Nfd7 5. f4 c5 6. Nf3 Nc6 7. Be3 cxd4 8. Nxd4
Bc5 9. Qd2 O-O 10. O-O-O a6 11. h4 Bxd4 12. Bxd4 b5 13. Ne2 b4 14. Qe3 Qc7 15.
Ng3 a5 16. Bb5 Nxd4 17. Rxd4 Qc5 18. Bxd7 Bxd7 19. Rhd1 Rfc8 20. R1d2 a4 21.
Nh5 b3 22. a3 bxc2 23. Qg3 Qf8 24. f5 Kh8 25. Rg4 g6 26. fxg6 fxg6 27. Nf6 Bb5
28. Rxg6 hxg6 29. Qxg6 Ra7 30. Qh5+ Kg7 31. Qg4+ Kh8 1-0

[Event "Ivy League Chess Challenge"]
[Site "Toronto CAN"]
[Date "2019.11.08"]
[Round "1.11"]
[White "Ascherman, Sarah"]
[Black "Vishwanathan, Ram"]
[Result "0-1"]
[WhiteElo "1937"]
[BlackElo "1922"]
[PlyCount "59"]
[EventDate "2019.11.08"]
[EventType "team"]
[EventRounds "5"]
[EventCountry "CAN"]
[WhiteTeam "Harvard"]
[BlackTeam "Yale"]

1. d4 d5 2. c4 e6 3. Nc3 Nf6 4. Bg5 c6 5. e3 Nbd7 6. Bd3 Qa5 7. Bxf6 Nxf6 8.
Nge2 Be7 9. a3 dxc4 10. Bxc4 O-O 11. O-O e5 12. b4 Qc7 13. d5 Rd8 14. b5 cxb5
15. Bxb5 Qc5 16. e4 Nxe4 17. Nxe4 Qxb5 18. N2c3 Qc4 19. Qh5 f5 20. d6 Bf6 21.
Ng5 h6 22. d7 Bxd7 23. Nd5 Bxg5 24. Ne3 Qf7 25. Qf3 e4 26. Qe2 Bxe3 27. Qxe3
Bc6 28. Rac1 f4 29. Qh3 Rd3 30. Qh5 0-1